[Event "Mitropa Cup Open 2019"]
[Site "Radenci"]
[Date "2019.06.03"]
[Round "8.7"]
[White "Lagunow, Raphael"]
[Black "Janzelj, Tim"]
[Result "0-1"]
[WhiteElo "2420"]
[BlackElo "2384"]
[Annotator "TA"]
[PlyCount "86"]
[EventDate "2019.05.27"]
[EventType "team-tourn"]
[EventCountry "SLO"]
[SourceTitle "playchess.com"]
[Source "ChessBase"]
[SourceQuality "1"]
[WhiteTeam "GER"]
[BlackTeam "SLO"]
[WhiteTeamCountry "GER"]

{[%evp 22,86,43,25,41,41,61,17,18,14,37,23,36,30,29,0,34,41,34,31,56,47,50,61,56,40,68,44,26,35,24,11,17,19,15,19,16,13,13,16,16,16,15,15,7,12,18,5,2,-2,0,-28,0,-15,-8,-8,0,-81,-76,-226,-234,-1793,-1789,-1754,-1751,-2042,-1822]} 1. e4 e6 2. d4 d5 3. Nd2 Nf6 4. e5 Nfd7 5. c3 c5 6. Bd3 Nc6 7. Ne2 cxd4 8. cxd4 f6 9. exf6 Nxf6 10. Nf3 Bd6 11. O-O Qc7 12. Bd2 O-O {C06: French Tarrasch: 3...Nf6 4 e5 Nfd7 5 Bd3 main lines} 13. Rc1 Bd7 14. Ng3 Qb6 {The position is equal.} 15. Bc3 Bf4 16. Rc2 Nb4 17. Bxb4 $1 Qxb4 18. Ne5 {[#]} Bxe5 $146 ({Predecessor:} 18... Ba4 19. b3 {½-½ (42) Peptan,C (2422)-Harika,D (2521) Tromsoe 2014}) 19. dxe5 Ng4 20. h3 Nxe5 {[#]} 21. Bxh7+ $1 {[%mdl 576] Decoy} Kxh7 22. Qh5+ {[%mdl 64] Double Attack} Kg8 23. Qxe5 Rf7 24. Rd1 Qf8 25. Rc7 Qb8 26. f4 Bb5 27. Rdc1 Bc4 28. Rxf7 {[%csl Gf7][%cal Re5g7] [#]} Qxe5 29. fxe5 Kxf7 $11 {[%mdl 4096] Endgame KRB-KRN} 30. b3 Ba6 31. Rc7+ Kg6 32. Re7 Kg5 33. Rxe6 Rc8 34. Re7 {Black must now prevent h4+.} g6 35. Kh2 Kf4 36. Re6 Rg8 37. Nh1 d4 38. Nf2 Be2 39. Re7 (39. Rd6 $11 {keeps the balance.}) 39... Ke3 $17 40. Kg3 (40. Rf7 $17 {was worth a try.}) 40... Rf8 $19 41. e6 $2 (41. Ng4+ Bxg4 42. Kxg4) 41... Rxf2 {Black is clearly winning.} 42. Rf7 Rf5 43. a4 Re5 {Accuracy: White = 46%, Black = 68%.} 0-1

[Event "Mitropa Cup Open 2019"]
[Site "Radenci"]
[Date "2019.06.03"]
[Round "8.8"]
[White "Subelj, Jan"]
[Black "Schmidek, Emil"]
[Result "1-0"]
[WhiteElo "2407"]
[BlackElo "2396"]
[Annotator "TA"]
[PlyCount "156"]
[EventDate "2019.05.27"]
[EventType "team-tourn"]
[EventCountry "SLO"]
[SourceTitle "playchess.com"]
[Source "ChessBase"]
[SourceQuality "1"]
[WhiteTeam "Slovenia"]
[BlackTeam "Germany"]
[WhiteTeamCountry "SLO"]
[BlackTeamCountry "GER"]

{[%evp 16,156,2,8,8,0,33,30,35,31,29,31,54,40,49,27,66,63,105,85,204,188,172,176,269,259,256,248,250,261,260,232,245,174,190,113,105,123,119,77,77,85,71,54,60,35,54,22,21,14,20,14,16,9,18,19,18,18,66,67,73,0,0,0,83,33,94,90,90,97,91,88,116,116,185,133,133,137,207,199,250,52,654,618,3088,333,2991,3088,2794,2776,2689,2433,1622,1724,1289,993,972,2452,2533,2418,1918,1814,1655,2066,2106,2027,1650,1592,943,528,510,345,29958,29963,29969,29969,29969,29970,29970,29971,29971,29972,29972,29973,29973,29974,29974,29975,29975,29976,29976,29977,29978,29979,29979,29980,29980,29981,29982,29979,29979,29980,29981]} 1. e4 e5 2. Nf3 Nc6 3. Bb5 a6 4. Ba4 Nf6 5. Nc3 b5 6. Bb3 Be7 7. d3 d6 8. a3 O-O 9. O-O Be6 {C77: Ruy Lopez: 3...a6 4 Ba4 Nf6, unusual lines} 10. Ne2 $146 ({Predecessor:} 10. Nd5 Nd4 11. Nxd4 exd4 12. Nxf6+ Bxf6 13. Bxe6 fxe6 14. a4 c5 15. Qg4 Qd7 16. b3 c4 17. h4 cxd3 18. cxd3 {½-½ (54) Kramnik,V (2811)-Shirov,A (2664) Sochi 2017}) 10... Re8 11. Bxe6 fxe6 {White has an edge.} 12. c3 Qd7 13. Qc2 d5 14. Ng3 Rad8 15. a4 Bc5 16. Bg5 d4 17. Rfc1 {Threatens to win with axb5.} Bb6 (17... Be7 $16) 18. axb5 $1 $18 axb5 19. c4 $1 bxc4 (19... b4 $142 20. c5 Ba5 21. Nxe5 Nxe5) 20. Qxc4 Na5 21. Rxa5 (21. Nxe5 Nxc4 22. Nxd7 Nxb2 $16) 21... Bxa5 22. Nxe5 Qd6 23. Nc6 {[%mdl 64] Double Attack} Ra8 24. e5 (24. Nxd4 Ng4 $15) (24. Qxd4 Qxd4 25. Nxd4 Bb6 $15) 24... Qd5 25. exf6 (25. b4 $1 $18 Qxc4 26. dxc4 (26. Rxc4 Bxb4 27. exf6 Bd6 $18) 26... Bxb4 27. exf6 (27. Nxb4 Nd7 $16)) 25... Qxg5 $16 26. Ne4 (26. Nxd4 Qxf6 27. Ne4 Qe5 $15) 26... Qd5 27. Ne7+ (27. Nxd4 $6 Reb8 $11) (27. Qxd4 $6 Qxd4 28. Nxd4 Bb6 $11) 27... Rxe7 28. fxe7 {And now Qa4 would win.} Qxc4 29. Rxc4 {[%mdl 4096] Endgame KRB-KRN} Bb6 $1 {( -> ...Ra1+)} 30. Kf1 (30. Ra4 {is interesting.} Re8 31. Ng5 h6 32. Nf3 Rxe7 33. Ra8+) 30... Kf7 31. Ng5+ Kxe7 32. Nxh7 Rh8 33. Ng5 Rxh2 34. Rc6 Rh1+ 35. Ke2 Rb1 36. Rxe6+ ({Wrong is} 36. Nxe6 $2 Rxb2+ 37. Kf3 Kd7 $19) 36... Kf8 37. Kf3 Rxb2 38. Nh7+ (38. Re2 $16 Rxe2 39. Kxe2) 38... Kf7 (38... Kg8 $11 39. Ng5 Kf8) 39. Ng5+ Kf8 40. Re2 Rb5 (40... Rxe2 $14 41. Kxe2 Ke7) 41. Kf4 g6 42. Nf3 Kf7 43. Rc2 Kg7 44. Ke4 Rf5 (44... Rb3 $16 45. Ne5 (45. Nxd4 Rb4 $16) 45... Rc3) 45. Nxd4 (45. Ne5 $18) 45... Bxd4 46. Kxd4 $18 {KR-KR} c5+ (46... Rf7 $16 {was necessary.} 47. f3 Rd7+ 48. Ke3 Re7+ 49. Kd2 Kf6 50. Rc6+ Kg5) 47. Kc4 $1 ({Don't do} 47. Rxc5 $6 Rxf2 48. Rg5 Kf6 $14) 47... Kf6 (47... Re5 $142 48. Kb5 Rg5) 48. g4 $2 (48. Re2 $1 $18) 48... Rg5 $2 {[%mdl 8192] [#]} (48... Re5 $14) 49. Re2 $1 {[%cal Re2e4]} Kf7 50. Re4 $2 (50. f3 Kg7 51. Re6) 50... Kf6 $2 (50... Kg7 51. f3 Kf7) 51. f3 Kf7 52. Re1 Kf6 53. Re8 Kf7 54. Rc8 Re5 55. Rc7+ Ke8 56. Rxc5 Re3 57. Rg5 Kf7 58. f4 Rg3 59. f5 gxf5 60. Rxf5+ Ke6 {[#]} 61. Rf4 $1 Ke5 62. Re4+ Kd6 63. Kd4 Kd7 $2 (63... Rf3 $18 64. Kc4 Rg3) 64. Ke5 {White mates.} Rxd3 65. Kf6 Rd6+ 66. Kg7 Rd5 67. Kh6 Rd6+ 68. Kh5 Rd1 69. g5 Rh1+ 70. Kg6 Kd6 71. Kg7 Kd5 72. Re2 Kd6 73. g6 Rh3 74. Kg8 Rh1 75. g7 Rh3 76. Re4 Kd5 77. Rf4 Ke5 78. Rf1 Kd5 {Accuracy: White = 71%, Black = 34%.} 1-0

[Event "Mitropa Cup Open 2019"]
[Site "Radenci"]
[Date "2019.06.03"]
[Round "8.9"]
[White "Nguyen, Thai Dai Van"]
[Black "Bogner, Sebastian"]
[Result "1/2-1/2"]
[WhiteElo "2548"]
[BlackElo "2597"]
[Annotator "TA"]
[PlyCount "76"]
[EventDate "2019.05.27"]
[EventType "team-tourn"]
[EventCountry "SLO"]
[SourceTitle "playchess.com"]
[Source "ChessBase"]
[SourceQuality "1"]
[WhiteTeam "Czech Republic"]
[BlackTeam "Switzerland"]
[WhiteTeamCountry "CZE"]
[BlackTeamCountry "SUI"]

{[%evp 15,76,16,41,28,41,35,35,37,32,33,33,33,42,19,14,27,32,38,9,0,42,-17,-17,-8,-18,-40,-32,-25,-25,-25,-33,-47,-1,-3,0,-50,-57,-57,-52,-52,-50,-66,-66,-66,-66,-66,-66,-66,-66,-66,-66,-66,-66,-66,-66,-66,-66,-66,-59,-74,-74,-74,-74]} 1. e4 c6 2. d4 d5 3. e5 Bf5 4. Nf3 e6 5. Be2 c5 6. Be3 cxd4 7. Nxd4 Ne7 8. O-O Nbc6 9. Bb5 {B12: Caro-Kann: Advance Variation} a6 10. Bxc6+ $1 ({But not} 10. Nxf5 Nxf5 11. Bxc6+ bxc6 $15) 10... bxc6 11. c4 $1 {White is slightly better.} Qd7 12. Nc3 dxc4 13. Na4 {Black must now prevent Nb6.} Nd5 {[#] Strongly threatening ...Bd3.} 14. Nxf5 exf5 15. Rc1 c3 16. Qc2 {[#]} cxb2 $146 ({Predecessor:} 16... Be7 17. Nxc3 Nxe3 18. fxe3 {1-0 (26) Nepomniachtchi,I (2733)-Laznicka,V (2654) Heraklio 2017}) 17. Qxb2 Be7 {[#]} (17... f4 $5 {[%cal Rf4e3]} 18. Nc5 Qc8 $14) 18. Rfd1 (18. e6 $1 $14 {[%mdl 512]} fxe6 (18... Qxe6 19. Qxg7) 19. Qxg7) 18... O-O $11 19. Nb6 Qb7 $1 {...Rab8 is the strong threat.} 20. Qb3 {[%cal Rb6d5]} Nxb6 $1 21. Qxb6 Qxb6 22. Bxb6 Rfc8 23. Rd7 Bg5 (23... Ba3 $5 {[%cal Ra3c1]} 24. Rcd1 c5 $15) 24. Rcd1 Bf4 25. Bd4 Re8 26. g3 Bxe5 27. Bxe5 Rxe5 $15 {[%mdl 4096] Endgame KRR-KRR} 28. Rc7 Ra5 29. Rdd7 Rf8 ({Not} 29... Rxa2 30. Rxf7 h6 31. Rxg7+ Kh8 32. Rh7+ Kg8 33. Rxh6 $16) 30. Rxc6 Rxa2 31. Ra7 a5 (31... g6 {feels hotter.} 32. Raxa6 Rxa6 33. Rxa6 Re8 34. Kg2 Kg7) 32. Rc5 g6 33. Raxa5 Rxa5 34. Rxa5 {KR-KR} Kg7 35. Kg2 Re8 36. h4 Kf6 37. f4 h6 38. Kf3 Re6 {Accuracy: White = 68%, Black = 86%.} 1/2-1/2

[Event "Mitropa Cup Open 2019"]
[Site "Radenci"]
[Date "2019.06.03"]
[Round "8.10"]
[White "Pelletier, Yannick"]
[Black "Vykouk, Jan"]
[Result "1-0"]
[WhiteElo "2547"]
[BlackElo "2451"]
[Annotator "TA"]
[PlyCount "85"]
[EventDate "2019.05.27"]
[EventType "team-tourn"]
[EventCountry "SLO"]
[SourceTitle "playchess.com"]
[Source "ChessBase"]
[SourceQuality "1"]
[WhiteTeam "SUI"]
[BlackTeam "CZE"]
[BlackTeamCountry "CZE"]

{[%evp 18,85,37,22,47,31,45,8,60,17,1,12,21,16,20,11,11,0,29,33,66,66,66,55,71,32,80,85,84,84,88,83,82,83,91,89,82,76,89,89,207,216,206,208,427,427,406,419,410,386,436,432,439,409,387,320,306,272,616,613,606,598,1214,1179,1446,1245,1239,1079,678,518]} 1. d4 e6 2. Nf3 c5 3. c4 cxd4 4. Nxd4 Nc6 5. g3 Bc5 6. Nb3 Be7 7. Bg2 Nf6 8. Nc3 O-O 9. O-O d6 10. Bf4 h6 {A33: Symmetrical English: 2 Nf3 Nf6 3 d4 cxd4 4 Nxd4 e6 5 Nc3 Nc6} 11. Rc1 (11. Qd2 g5 12. Be3 Ne5 13. Qd4 Nc6 14. Qd2 Ne5 15. Qd4 Nc6 16. Qd2 {½-½ (16) Maze,S (2578)-Safarli,E (2662) Skopje 2019}) 11... Re8 12. h3 $146 ({Predecessor:} 12. e4 Bf8 13. h3 a6 14. Qe2 Nd7 15. Rfd1 e5 16. Be3 b6 17. Na1 Nc5 18. Nc2 {1-0 (41) Sadzikowski,D (2547)-Garriga Cazorla,P (2385) Karlsruhe 2017}) 12... Bf8 (12... d5 $11) 13. Qd2 e5 14. Be3 Be6 15. Nd5 Rc8 16. Rfd1 b6 17. Na1 (17. Kh2 {is interesting.} Nd7 18. f3 Nc5 19. h4 f5 20. Bf2) 17... Na5 18. b3 Nxd5 19. cxd5 Bf5 20. Nc2 Qd7 21. g4 Bxc2 22. Rxc2 Rxc2 23. Qxc2 Rc8 24. Qd3 Nb7 25. b4 Qa4 26. a3 $36 {[%mdl 2048] White is in control.} Be7 27. Rc1 Rxc1+ 28. Bxc1 Bg5 (28... Qd7 $16) 29. Bxg5 $18 hxg5 30. Qf5 {Qc8+ is the strong threat.} Qd1+ $2 (30... Qe8 31. Qxg5 Nd8) 31. Bf1 Qxd5 {[#]} 32. Bg2 $1 {[%mdl 512]} Qd1+ 33. Kh2 g6 34. Qc8+ Kg7 35. Qxb7 {Threatens to win with Bd5.} ({Less strong is} 35. Bxb7 Qxe2 36. Kg2 Qd3 $18) 35... Qxe2 36. Kg3 {[#] And now Bd5 would win.} Qd3+ 37. Qf3 Qxf3+ $2 (37... Qd4 38. Qe4 Qxe4 39. Bxe4 Kf6) 38. Bxf3 {KB-KP. White is clearly winning.} f5 39. Bd5 e4 40. f4 exf3 41. Kxf3 Kf6 42. Ke3 Ke5 43. Bf7 {Accuracy: White = 78%, Black = 36%.} 1-0

[Event "Mitropa Cup Open 2019"]
[Site "Radenci"]
[Date "2019.06.03"]
[Round "8.11"]
[White "Kraus, Tomas"]
[Black "Studer, Noel"]
[Result "0-1"]
[WhiteElo "2463"]
[BlackElo "2517"]
[Annotator "TA"]
[PlyCount "120"]
[EventDate "2019.05.27"]
[EventType "team-tourn"]
[EventCountry "SLO"]
[SourceTitle "playchess.com"]
[Source "ChessBase"]
[SourceQuality "1"]
[WhiteTeam "Czech Republic"]
[BlackTeam "Switzerland"]
[WhiteTeamCountry "CZE"]
[BlackTeamCountry "SUI"]

{[%evp 9,120,45,33,44,39,35,32,34,35,15,19,16,24,24,20,22,21,25,30,18,22,15,16,4,0,0,0,2,22,14,53,56,56,37,37,46,41,0,0,0,0,0,0,0,0,0,0,0,0,0,0,0,0,0,0,0,0,0,1,0,0,0,0,0,0,-62,-62,-62,-62,-62,-62,-62,0,-70,0,0,0,0,0,0,0,0,0,-419,-413,-375,-415,-413,-413,-412,-388,-830,-741,-1015,-925,-591,-591,-1417,-1389,-1422,-1167,-1004,-455,-455,-455,-29978,-29979,-29981,-29982,-29982,-29982,-29982,-29981]} 1. c4 Nf6 2. Nc3 e5 3. Nf3 Nc6 4. e4 g6 5. d4 exd4 6. Nxd4 {A28: English Opening: Four Knights Variation} Bg7 7. Nxc6 dxc6 8. Qxd8+ {White is slightly better.} Kxd8 9. Bf4 Re8 (9... Be6 10. Be5 Re8 11. f4 Bd7 12. Bxf6+ Bxf6 {½-½ (64) Anton Guijarro,D (2667)-Sevian,S (2666) Havana 2019}) 10. O-O-O+ $146 ({Predecessor:} 10. f3 Be6 11. Be2 Nd7 12. Rc1 Bd4 {1-0 (36) Christiansen,L (2560)-Rahls,P (2230) Germany 1994}) 10... Bd7 $1 11. f3 Kc8 12. Be2 a5 13. Rd2 Nh5 14. Bg5 Be6 15. Rhd1 {Threatening mate with Rd8+.} b6 16. Rd8+ Kb7 17. Rxa8 Rxa8 18. Kc2 a4 19. Be3 f5 20. exf5 gxf5 21. f4 (21. Bd2 {looks sharper.} Be5 22. Re1 Bd7 23. Bd3 Bf6 24. Bh6) 21... Bxc3 22. Kxc3 Nf6 23. Bd4 Ne4+ 24. Kc2 b5 25. cxb5 cxb5 26. Be5 Kb6 27. Kb1 c6 28. a3 Rg8 29. Bf3 Bd5 30. Kc1 Rg6 31. Re1 Rh6 32. h3 Kb7 33. Re3 Kc8 34. Bg7 Rg6 35. Bd4 Nf6 36. Bxf6 {Strongly threatening Bxd5.} Bxf3 $1 $11 {[%mdl 4096] Endgame KRB-KRB} 37. Re8+ ({Much worse is} 37. gxf3 Rxf6 38. Kd2 Rh6 $17) (37. Rxf3 $11 Rxf6 38. g4) 37... Kd7 $15 38. Re7+ Kd6 39. gxf3 Rxf6 40. Rxh7 {KR-KR} Rg6 (40... Kc5 $15) 41. h4 ({Better is} 41. Rh5 $1 $11) 41... Kc5 (41... Rg1+ $1 $15 42. Kd2 Rg2+ 43. Kc1 Rh2) 42. Rf7 Kc4 43. Rxf5 Rg1+ 44. Kd2 Rg2+ 45. Ke3 $1 Rxb2 46. Rg5 $2 {[%mdl 8192]} (46. Rf8 $1 $11 {and White has nothing to worry.}) 46... Rb3+ $19 47. Ke4 {Threatens to win with f5.} Rxa3 48. f5 {And now f6 would win.} Rd3 49. Rg8 Rd7 50. Ra8 $2 (50. f6 b4 51. Ra8) 50... Kc3 51. Ke5 b4 52. Rxa4 b3 53. Ra6 c5 54. Rb6 c4 55. f6 b2 (55... Kb2 $142 56. Rd6 Rh7 57. Rd2+ {[#]} Kc3 $1 {[%mdl 512]}) 56. Ke6 Rh7 57. Rb5 {[#]} (57. f4 $19 Kc2 58. f5) 57... Rxh4 {Black mates.} 58. Ke7 Rf4 59. f7 Rxf3 60. Rb6 Kc2 {Accuracy: White = 58%, Black = 84%.} 0-1

[Event "Mitropa Cup Open 2019"]
[Site "Radenci"]
[Date "2019.06.03"]
[Round "8.12"]
[White "Gaehwiler, Gabriel"]
[Black "Miesbauer, Jan"]
[Result "1-0"]
[WhiteElo "2431"]
[BlackElo "2407"]
[Annotator "ChessBase"]
[PlyCount "51"]
[EventDate "2019.05.27"]
[EventType "team-tourn"]
[EventCountry "SLO"]
[SourceTitle "playchess.com"]
[Source "ChessBase"]
[SourceQuality "1"]
[WhiteTeam "Switzerland"]
[BlackTeam "Czech Republic"]
[WhiteTeamCountry "SUI"]
[BlackTeamCountry "CZE"]
[TimeControl "40/5400+30:1800+30"]

1. d4 {[%emt 0:00:00]} Nf6 {[%emt 0:00:00]} 2. c4 {[%emt 0:00:00]} g6 {[%emt 0:00:00]} 3. g3 {[%emt 0:00:00]} Bg7 {[%emt 0:00:25]} 4. Bg2 {[%emt 0:00:00]} O-O {[%emt 0:00:48]} 5. Nf3 {[%emt 0:00:01]} d6 {[%emt 0:00:16]} 6. O-O {[%emt 0:00:25]} Nbd7 {[%emt 0:01:00]} 7. b3 {[%emt 0:11:25]} e5 {[%emt 0:00:46]} 8. Bb2 {[%emt 0:00:11]} e4 {[%emt 0:01:52]} 9. Nfd2 {[%emt 0:01:43]} Qe7 {[%emt 0:03:28]} 10. e3 {[%emt 0:13:36]} Nb6 {[%emt 0:01:01]} 11. Nc3 {[%emt 0:08:34]} Bf5 {[%emt 0:00:21]} 12. f3 {[%emt 0:01:46]} exf3 {[%emt 0:01:27]} 13. Qxf3 {[%emt 0:00:04]} Rfe8 {[%emt 0:11:04]} 14. e4 {[%emt 0:01:39]} Bg4 {[%emt 0:04:45]} 15. Qf2 {[%emt 0:12:14]} Bd7 {[%emt 0:20:14]} 16. h3 {[%emt 0:00:41]} c5 {[%emt 0:00:51]} 17. e5 {[%emt 0:10:57]} dxe5 {[%emt 0:03:27]} 18. dxe5 {[%emt 0:04:41]} Nh5 {[%emt 0:00:59]} 19. Rae1 {[%emt 0:02:47]} Bh8 {[%emt 0:07:39]} 20. g4 {[%emt 0:01:19]} Ng7 {[%emt 0:00:36]} 21. Nd5 {[%emt 0:06:47]} Nxd5 {[%emt 0:00:41]} 22. cxd5 {[%emt 0:00:02]} Rf8 {[%emt 0:01:08]} 23. Ne4 {[%emt 0:00:44]} Ne8 {[%emt 0:00:21]} 24. Nxc5 {[%emt 0:06:50]} Bb5 {[%emt 0:05:29]} 25. d6 {[%emt 0:00:25]} Qg5 {[%emt 0:00:22]} 26. Ne6 {[%emt 0:01:03]} 1-0

[Event "Mitropa Cup Open 2019"]
[Site "Radenci"]
[Date "2019.06.03"]
[Round "8.13"]
[White "Stella, Andrea"]
[Black "Jovanic, Ognjen"]
[Result "1/2-1/2"]
[WhiteElo "2511"]
[BlackElo "2511"]
[Annotator "TA"]
[PlyCount "54"]
[EventDate "2019.05.27"]
[EventType "team-tourn"]
[EventCountry "SLO"]
[SourceTitle "playchess.com"]
[Source "ChessBase"]
[SourceQuality "1"]
[WhiteTeam "Italy"]
[BlackTeam "Croatia"]
[WhiteTeamCountry "ITA"]
[BlackTeamCountry "CRO"]

{[%evp 9,54,15,27,0,0,0,0,0,0,0,0,0,0,0,0,0,69,8,27,8,52,31,82,93,71,87,82,41,49,41,52,33,50,32,42,31,31,31,25,27,65,0,19,0,66,0,18]} 1. d4 d5 2. c4 c6 3. Nf3 Nf6 4. Nc3 a6 5. Qc2 g6 6. e4 {D15: Slav Defence: 4 Nc3 a6 and gambit lines after 4 Nc3 dxc4} (6. Bg5 Be6 7. e4 dxe4 8. Nxe4 Nbd7 9. Nxf6+ exf6 10. Bd2 Bg7 11. Be2 O-O 12. O-O Bf5 13. Qb3 {1-0 (40) Gelfand,B (2695)-Artemiev,V (2704) Poikovsky 2018}) 6... dxe4 7. Nxe4 Nxe4 8. Qxe4 Bg7 9. Be2 Bf5 10. Qe3 O-O $146 ({Predecessor:} 10... Bg4 11. O-O O-O 12. Rd1 Nd7 13. h3 Bxf3 14. Qxf3 {½-½ (22) Sadzikowski,D (2584)-Matuszewski,M (2505) Katowice 2018}) 11. O-O Nd7 12. h3 Nf6 (12... e5 $11 13. dxe5 (13. Nxe5 Re8 $15) 13... Re8) 13. Qb3 ({White should play} 13. b3 $14) 13... b5 $11 14. Bf4 Ne4 15. Rfd1 Be6 (15... bxc4 $14 16. Bxc4 (16. Qxc4 Qb6 $14) 16... Nd6) 16. Ne5 $16 bxc4 17. Bxc4 Bd5 18. Rac1 {Bxd5 is the strong threat.} e6 19. Qe3 Nd6 20. Bd3 Rc8 21. Bxa6 Ra8 22. Bd3 $36 {[%mdl 2048] White is pushing.} Rxa2 23. Nxc6 Qd7 24. Ne5 Qe7 25. Nc6 Qd7 26. Ne5 Qe7 27. Nc6 Qd7 {Accuracy: White = 64%, Black = 74%.} 1/2-1/2

[Event "Mitropa Cup Open 2019"]
[Site "Radenci"]
[Date "2019.06.03"]
[Round "8.14"]
[White "Kovacevic, Blazimir"]
[Black "Sonis, Francesco"]
[Result "1-0"]
[WhiteElo "2456"]
[BlackElo "2475"]
[Annotator "ChessBase"]
[PlyCount "67"]
[EventDate "2019.05.27"]
[EventType "team-tourn"]
[EventCountry "SLO"]
[SourceTitle "playchess.com"]
[Source "ChessBase"]
[SourceQuality "1"]
[WhiteTeam "Croatia"]
[BlackTeam "Italy"]
[WhiteTeamCountry "CRO"]
[BlackTeamCountry "ITA"]
[TimeControl "40/5400+30:1800+30"]

1. Nf3 {[%emt 0:00:00]} d5 {[%emt 0:00:00]} 2. g3 {[%emt 0:00:00]} Nc6 {[%emt 0:00:19]} 3. d4 {[%emt 0:00:00]} Bf5 {[%emt 0:00:04]} 4. Bg2 {[%emt 0:00:47]} e6 {[%emt 0:00:04]} 5. O-O {[%emt 0:01:25]} Nf6 {[%emt 0:00:05]} 6. c4 {[%emt 0:01:53]} Bd6 {[%emt 0:04:27]} 7. Bg5 {[%emt 0:15:54]} Be7 {[%emt 0:12:11]} 8. cxd5 {[%emt 0:09:17]} exd5 {[%emt 0:04:43]} 9. Nc3 {[%emt 0:01:03]} O-O {[%emt 0:07:34]} 10. Rc1 {[%emt 0:16:01]} Ne4 {[%emt 0:10:42]} 11. Bxe7 {[%emt 0:00:42]} Nxe7 {[%emt 0:01:01]} 12. Nh4 {[%emt 0:01:55]} Nxc3 {[%emt 0:01:09]} 13. bxc3 {[%emt 0:00:17]} Be6 {[%emt 0:03:07]} 14. c4 {[%emt 0:02:30]} c6 {[%emt 0:02:09]} 15. cxd5 {[%emt 0:00:13]} Bxd5 {[%emt 0:00:24]} 16. Qa4 {[%emt 0:03:40]} Qd6 {[%emt 0:08:09]} 17. Bxd5 {[%emt 0:12:27]} Qxd5 {[%emt 0:05:47]} 18. e4 {[%emt 0:01:14]} Qd7 {[%emt 0:03:36]} 19. Rfd1 {[%emt 0:05:16]} Rfd8 {[%emt 0:03:31]} 20. Qb3 {[%emt 0:00:56]} Rab8 {[%emt 0:01:42]} 21. Nf3 {[%emt 0:02:53]} Qe8 {[%emt 0:03:21]} 22. Qb4 {[%emt 0:10:36]} f6 {[%emt 0:06:27]} 23. Qa4 {[%emt 0:05:11]} Rd7 {[%emt 0:07:18]} 24. Re1 {[%emt 0:03:20]} a6 {[%emt 0:02:05]} 25. d5 {[%emt 0:01:25]} Rbd8 {[%emt 0:05:31]} 26. Nd4 {[%emt 0:01:16]} cxd5 {[%emt 0:02:43]} 27. e5 {[%emt 0:00:35]} f5 {[%emt 0:02:12]} 28. e6 {[%emt 0:02:05]} Rd6 {[%emt 0:00:03]} 29. Qb3 {[%emt 0:00:08]} Nc6 {[%emt 0:02:07]} 30. e7 {[%emt 0:01:13]} R8d7 {[%emt 0:00:53]} 31. Nxf5 {[%emt 0:00:17]} Rf6 {[%emt 0:00:17]} 32. Qd3 {[%emt 0:00:53]} h5 {[%emt 0:01:42]} 33. Rc5 {[%emt 0:00:20]} g6 {[%emt 0:00:34]} 34. Rxd5 {[%emt 0:00:29]} 1-0

[Event "Mitropa Cup Open 2019"]
[Site "Radenci"]
[Date "2019.06.03"]
[Round "8.15"]
[White "Shytaj, Luca"]
[Black "Tica, Sven"]
[Result "1-0"]
[WhiteElo "2490"]
[BlackElo "2417"]
[Annotator "ChessBase"]
[PlyCount "57"]
[EventDate "2019.05.27"]
[EventType "team-tourn"]
[EventCountry "SLO"]
[SourceTitle "playchess.com"]
[Source "ChessBase"]
[SourceQuality "1"]
[WhiteTeam "ITA"]
[BlackTeam "CRO"]
[BlackTeamCountry "CRO"]
[TimeControl "40/5400+30:1800+30"]

1. e4 {[%emt 0:00:00]} c6 {[%emt 0:00:00]} 2. d4 {[%emt 0:00:00]} d5 {[%emt 0:00:00]} 3. Nc3 {[%emt 0:00:17]} dxe4 {[%emt 0:00:00]} 4. Nxe4 {[%emt 0:00:04]} Bf5 {[%emt 0:00:07]} 5. Ng3 {[%emt 0:00:28]} Bg6 {[%emt 0:00:07]} 6. h4 {[%emt 0:00:37]} h6 {[%emt 0:00:06]} 7. Nf3 {[%emt 0:00:43]} e6 {[%emt 0:00:06]} 8. h5 {[%emt 0:00:41]} Bh7 {[%emt 0:00:05]} 9. Bd3 {[%emt 0:00:25]} Bxd3 {[%emt 0:00:07]} 10. Qxd3 {[%emt 0:00:04]} Nf6 {[%emt 0:00:34]} 11. Bd2 {[%emt 0:01:14]} c5 {[%emt 0:15:09]} 12. Ne4 {[%emt 0:05:02]} Nbd7 {[%emt 0:05:20]} 13. O-O-O {[%emt 0:15:29]} Be7 {[%emt 0:08:30]} 14. Kb1 {[%emt 0:13:05]} O-O {[%emt 0:07:46]} 15. g4 {[%emt 0:06:37]} Nxg4 {[%emt 0:10:31]} 16. Qe2 {[%emt 0:01:58]} f5 {[%emt 0:10:05]} 17. Nc3 {[%emt 0:05:41]} Qb6 {[%emt 0:07:04]} 18. Ne5 {[%emt 0:03:46]} Ngxe5 {[%emt 0:02:55]} 19. dxe5 {[%emt 0:00:07]} Rad8 {[%emt 0:01:45]} 20. Bf4 {[%emt 0:03:18]} Nb8 {[%emt 0:06:42]} 21. Rdg1 {[%emt 0:02:26]} Kh8 {[%emt 0:03:29]} 22. Rg6 {[%emt 0:05:26]} Rf7 {[%emt 0:01:01]} 23. Rhg1 {[%emt 0:01:37]} Rd4 {[%emt 0:07:16]} 24. Qe3 {[%emt 0:05:12]} Bf8 {[%emt 0:01:17]} 25. Qg3 {[%emt 0:02:00]} Qb4 {[%emt 0:04:24]} 26. Rxh6+ {[%emt 0:01:23]} Kg8 {[%emt 0:00:05]} 27. Qg6 {[%emt 0:00:19]} Rfd7 {[%emt 0:00:05]} 28. Qh7+ {[%emt 0:00:36]} Kf7 {[%emt 0:00:05]} 29. Rf6+ {[%emt 0:00:29]} 1-0